Ley hipotecaria de 21 de diciembre de 1869 que empezará a regir desde 1º de enero de 1880. (Record no. 153764)

MARC details
000 -LEADER
campo de control de longitud fija 00572nam a2200157 i 4500
001 - NÚMERO DE CONTROL
campo de control 153764
003 - IDENTIFICADOR DE NÚMERO DE CONTROL
campo de control ES-MaACL
005 - FECHA Y HORA DE LA ÚLTIMA TRANSACCIÓN
campo de control 20230906205358.0
008 - DATOS DE LONGITUD FIJA--INFORMACIÓN GENERAL
campo de control de longitud fija 050708s1879 cu | |||||||| ||spa d
110 1# - ENTRADA PRINCIPAL--NOMBRE DE ENTIDAD CORPORATIVA
Nombre de entidad corporativa o nombre de jurisdicción como elemento de entrada Cuba (Capitanía General).
Unidad subordinada Gobierno.
9 (RLIN) 162187
245 00 - MENCIÓN DEL TÍTULO
Título Ley hipotecaria de 21 de diciembre de 1869 que empezará a regir desde 1º de enero de 1880.
260 ## - PUBLICACIÓN, DISTRIBUCIÓN, ETC.
Lugar de publicación, distribución, etc. Habana :
Nombre del editor, distribuidor, etc. [s.n.],
Fecha de publicación, distribución, etc. 1879 (
Fabricante Imp. del Gobierno y Capitanía General por S.M.)
300 ## - DESCRIPCIÓN FÍSICA
Extensión 102 p. ;
Dimensiones 20 cm.
650 #4 - PUNTO DE ACCESO ADICIONAL DE MATERIA--TÉRMINO DE MATERIA
Término de materia o nombre geográfico como elemento de entrada Hipotecas-
Subdivisión geográfica Cuba-
Subdivisión de forma Legislación.
9 (RLIN) 136232
852 ## - LOCALIZACIÓN
Ubicación ES-MaACL
Número de control de estantería C-3421(3)
Holdings
Estatus retirado Estado de pérdida Estado de daño No para préstamo Colección Biblioteca de origen Biblioteca actual Ubicación en estantería Fecha de adquisición Fuente de adquisición Total de préstamos Signatura topográfica completa Código de barras Visto por última vez Precio de reemplazo Tipo de ítem Koha
        Libros del s. XIX Biblioteca del Ateneo de Madrid Biblioteca del Ateneo de Madrid Sala Palomar 17/01/2008     C-3421(3) 1160757 23/02/2023 23/02/2023 Libro impreso antiguo